Being alive : (Record no. 9806)
[ view plain ]
| 000 -LEADER | |
|---|---|
| fixed length control field | 01783nam a2200421 i 4500 |
| 001 - CONTROL NUMBER | |
| control field | EBC6789239 |
| 003 - CONTROL NUMBER IDENTIFIER | |
| control field | MiAaPQ |
| 005 - DATE AND TIME OF LATEST TRANSACTION | |
| control field | 20250623124011.0 |
| 006 - FIXED-LENGTH DATA ELEMENTS--ADDITIONAL MATERIAL CHARACTERISTICS | |
| fixed length control field | m o d | |
| 007 - PHYSICAL DESCRIPTION FIXED FIELD--GENERAL INFORMATION | |
| fixed length control field | cr cnu|||||||| |
| 008 - FIXED-LENGTH DATA ELEMENTS--GENERAL INFORMATION | |
| fixed length control field | 220714s2022 enka ob 001 0 eng d |
| 020 ## - INTERNATIONAL STANDARD BOOK NUMBER | |
| Canceled/invalid ISBN | 9781032052298 |
| Qualifying information | (print) |
| 020 ## - INTERNATIONAL STANDARD BOOK NUMBER | |
| International Standard Book Number | 9781000489460 |
| Qualifying information | (electronic bk.) |
| 035 ## - SYSTEM CONTROL NUMBER | |
| System control number | (MiAaPQ)EBC6789239 |
| 035 ## - SYSTEM CONTROL NUMBER | |
| System control number | (Au-PeEL)EBL6789239 |
| 035 ## - SYSTEM CONTROL NUMBER | |
| System control number | (OCoLC)1283844240 |
| 040 ## - CATALOGING SOURCE | |
| Original cataloging agency | MiAaPQ |
| Language of cataloging | eng |
| Description conventions | rda |
| -- | pn |
| Transcribing agency | MiAaPQ |
| Modifying agency | MiAaPQ |
| 050 #4 - LIBRARY OF CONGRESS CALL NUMBER | |
| Classification number | GN33 |
| Item number | .I546 2022 |
| 082 0# - DEWEY DECIMAL CLASSIFICATION NUMBER | |
| Classification number | 301.01 |
| Edition number | 23 |
| 100 1# - MAIN ENTRY--PERSONAL NAME | |
| Personal name | Ingold, Tim, |
| Dates associated with a name | 1948- |
| Relator term | author. |
| 9 (RLIN) | 17337 |
| 245 10 - TITLE STATEMENT | |
| Title | Being alive : |
| Remainder of title | essays on movement, knowledge and description / |
| Statement of responsibility, etc. | Tim Ingold. |
| 264 #1 - PRODUCTION, PUBLICATION, DISTRIBUTION, MANUFACTURE, AND COPYRIGHT NOTICE | |
| Place of production, publication, distribution, manufacture | Abingdon, Oxon, England ; |
| -- | New York, New York : |
| Name of producer, publisher, distributor, manufacturer | Routledge, |
| Date of production, publication, distribution, manufacture, or copyright notice | [2022] |
| 264 #4 - PRODUCTION, PUBLICATION, DISTRIBUTION, MANUFACTURE, AND COPYRIGHT NOTICE | |
| Date of production, publication, distribution, manufacture, or copyright notice | �2022 |
| 300 ## - PHYSICAL DESCRIPTION | |
| Extent | 1 online resource (359 pages) : |
| Other physical details | illustrations |
| 336 ## - CONTENT TYPE | |
| Content type term | text |
| Content type code | txt |
| Source | rdacontent |
| 337 ## - MEDIA TYPE | |
| Media type term | computer |
| Media type code | c |
| Source | rdamedia |
| 338 ## - CARRIER TYPE | |
| Carrier type term | online resource |
| Carrier type code | cr |
| Source | rdacarrier |
| 504 ## - BIBLIOGRAPHY, ETC. NOTE | |
| Bibliography, etc. note | Includes bibliographical references and index. |
| 588 ## - SOURCE OF DESCRIPTION NOTE | |
| Source of description note | Description based on print version record. |
| 590 ## - LOCAL NOTE (RLIN) | |
| Local note | Electronic reproduction. Ann Arbor, MI : ProQuest, 2018. Available via World Wide Web. Access may be limited to ProQuest affiliated libraries. |
| 650 #0 - SUBJECT ADDED ENTRY--TOPICAL TERM | |
| Topical term or geographic name entry element | Anthropology |
| General subdivision | Philosophy. |
| 650 #0 - SUBJECT ADDED ENTRY--TOPICAL TERM | |
| Topical term or geographic name entry element | Human ecology |
| General subdivision | Philosophy. |
| 650 #0 - SUBJECT ADDED ENTRY--TOPICAL TERM | |
| Topical term or geographic name entry element | Human beings |
| General subdivision | Effect of environment on. |
| 655 #4 - INDEX TERM--GENRE/FORM | |
| Genre/form data or focus term | Electronic books. |
| 9 (RLIN) | 2203 |
| 776 08 - ADDITIONAL PHYSICAL FORM ENTRY | |
| Relationship information | Print version: |
| Main entry heading | Ingold, Tim, 1948- |
| Title | Being alive : essays on movement, knowledge and description. |
| Place, publisher, and date of publication | Abingdon, Oxon, England ; New York, New York : Routledge, c2022 |
| Physical description | 359 pages |
| International Standard Book Number | 9781032052298 |
| 797 2# - LOCAL ADDED ENTRY--CORPORATE NAME (RLIN) | |
| Corporate name or jurisdiction name as entry element | ProQuest (Firm) |
| 856 40 - ELECTRONIC LOCATION AND ACCESS | |
| Uniform Resource Identifier | <a href="https://ebookcentral.proquest.com/lib/artjam/detail.action?docID=6789239">https://ebookcentral.proquest.com/lib/artjam/detail.action?docID=6789239</a> |
| Public note | Click to View |
No items available.